000 00843nam a2200241 4500
003 OSt
005 20240715064646.0
006 a
008 240715b |||||||| |||| 00| 0 eng d
020 _a1591580080
040 _aDWCL-Main lib.
_cOC
082 _aCirc. 025.3 H424u 2005
100 _aHaynes, Elizabeth
245 _aUnlocking the mysteries of cataloging : a workbook of examples /
260 _aWestport, Connecticut :
_bLibraries Unlimited,
_cc2005.
300 _axxii,
_b244 p. : ill. ;
_c28 cm.
504 _aIncludes bibliographical references and index.
650 _a1. Cataloging-Specimens.
650 _a2. Cataloging-Problems, exercises, etc.
650 _a3. Anglo-American cataloging rukes-Problems, exercises, etc.
650 _a4. MARC formats-Problems, exercises, etc.
942 _2ddc
_n0
_cBK-CIRC
_kCirc.
999 _c2194
_d2194